Ilustración ; Progreso ; Modernidad /

Bibliographic Details
Main Authors: Stuke, Horst (Author), Koselleck, Reinhart (Author), Gumbrecht, Hans Ulrich (Author)
Other Authors: Oncina Coves, Faustino (contributor agent of text.), Monter, Josep (Translator)
Format: Electronic eBook
Language:Spanish
German
Published: Madrid : Editorial Trotta, [2021]
Series:Colección Estructuras y procesos. Serie Filosofía.
Subjects:
Online Access:Digitalia Hispánica

MARC

LEADER 00000nam a2200000Ii 4500
001 DIGTRO0162
003 NyNyDIG
006 m o d
007 cr |||||||||||
008 220706s2021 sp ob 000 0 spa d
035 |a (OCoLC)1247679071 
040 |a DGITA  |b eng  |e rda  |e pn  |c DGITA 
020 |a 9788413640310  |q ePub 
020 |z 9788498798425 
041 1 |a spa  |h ger 
050 1 4 |a B802 ebook 
100 1 |a Stuke, Horst,  |e author. 
245 1 0 |a Ilustración ;  |b Progreso ; Modernidad /  |c Horst Stuke, Reinhart Koselleck y Hans Ulrich Gumbrecht ; estudio introductorio de Faustino Oncina Coves ; traducción de Josep Monter Pérez. 
264 1 |a Madrid :  |b Editorial Trotta,  |c [2021] 
300 |a 1 online resource. 
336 |a text  |b txt  |2 rdacontent 
337 |a computer  |b c  |2 rdamedia 
338 |a online resource  |b cr  |2 rdacarrier 
347 |a text file  |2 rdaft 
347 |b EPUB 
490 1 |a Colección Estructuras y procesos. Serie Filosofía 
500 |a "Títulos originales: Aufklärung; Fortschritt; Modern, Modernität, Moderne". 
504 |a Includes bibliographical references. 
588 0 |a Online resource; title from ePub title page (Digitalia, viewed July 6, 2022) 
650 0 |a Enlightenment. 
650 0 |a Philosophy, Modern  |1 8th century. 
650 0 |a Progress. 
650 0 |a Civilization, Modern. 
655 0 |a Electronic books. 
700 1 |a Koselleck, Reinhart,  |e author. 
700 1 |a Gumbrecht, Hans Ulrich,  |e author. 
700 1 |a Oncina Coves, Faustino,  |e contributor agent of text. 
700 1 |a Monter, Josep,  |e translator. 
700 1 2 |i Container of (expression):  |a Stuke, Horst.  |t Aufklärung.  |l Spanish  |s (Monter) 
700 1 2 |i Container of (expression):  |a Koselleck, Reinhart  |t Fortschritt.  |l Spanish  |s (Monter) 
700 1 2 |i Container of (expression):  |a Gumbrecht, Hans Ulrich.  |t Modern, Modernität, Moderne.  |l Spanish  |s (Monter) 
791 2 |a Digitalia (Firm),  |e distributor. 
793 0 |g Digitalia eBook Collection:  |a Trotta Editorial 
776 0 8 |i Print version:  |a Stuke, Horst.  |t Ilustración, progreso, modernidad.  |d Madrid : Editorial Trotta, [2021]  |z 9788498798425 
830 0 |a Colección Estructuras y procesos.  |p Serie Filosofía. 
856 4 0 |3 Digitalia Hispánica  |u https://www.digitaliapublishing.com/a/109845/ 
910 |a Premium collection: 2022